| 000 | 00864nam a2200229 a 4500 | ||
|---|---|---|---|
| 003 | 0 | ||
| 005 | 20250203093246.0 | ||
| 008 | 130830s19uu xx 00 eng d | ||
| 050 |
_aPGS BJ 1533.V3 _b.M667 2013 |
||
| 100 | _aMintu, Mirielle Gianna F. | ||
| 245 |
_a3R's practices and values performance / _cMirielle Gianna F. Mintu. |
||
| 260 |
_aLas PiƱas City, Philippines : _bSouthville International School and Colleges, _c2013. |
||
| 300 |
_a44 p. : _bill. ; _c28 cm. |
||
| 504 | _aIncludes bibliographical references. | ||
| 650 |
_aMoral education _vElementary students. |
||
| 650 |
_aValues education _vChildren. |
||
| 650 |
_aCharacter development _vStudents. |
||
| 650 |
_a Student behavior _vMoral aspects. |
||
| 650 |
_aValues formation _vSchool programs. |
||
| 650 |
_aEnvironmental responsibility _vMoral and ethical aspects. |
||
| 942 |
_2lcc _cPASS |
||
| 999 |
_c99068 _d99068 |
||